000 00578nam a2200205Ia 4500
003 SISC
005 20181022084605.0
008 181018s9999 xx 000 0 und d
020 _a9780965058308
050 _aB 72
_b.W54 1998
100 _aWilson, Edward O.
245 _aConsilience:
_bthe unity of knowledge/
_cEdward O. Wilson
260 _aUSA:
_bThorndike Press
_c1998
300 _a332 pages :
_c23 cm.
500 _aIncludes bibliographical references and index
650 _aPhilosophy
650 _aPhilosophy and science
942 _2lcc
_cBK
999 _c359245
_d359245